Objetos negros : contextualización del material etnográfico de las comunidades negras del Chocó Colombiano, existente en la Colección de Antropología del Museo Universitario de la Universidad de Antioquia (Registro nro. 808663)

Detalles MARC
001 - NÚMERO DE CONTROL
campo de control 1531442
005 - FECHA Y HORA DE LA ÚLTIMA TRANSACCIÓN
campo de control 20260508094032.0
007 - CAMPO FIJO DE DESCRIPCIÓN FÍSICA--INFORMACIÓN GENERAL
campo de control de longitud fija co|||||||
008 - DATOS DE LONGITUD FIJA--INFORMACIÓN GENERAL
campo de control de longitud fija 190808s2002 spa
035 ## - NÚMERO DE CONTROL DEL SISTEMA
Número de control de sistema 1531442
040 ## - FUENTE DE LA CATALOGACIÓN
Centro/agencia transcriptor comduadb
041 ## - CÓDIGO DE LENGUA
Código de lengua del texto/banda sonora o título independiente spa
080 ## - NÚMERO DE LA CLASIFICACIÓN DECIMAL UNIVERSAL
Número de la Clasificación Decimal Universal PROY/CD
100 10 - ENTRADA PRINCIPAL--NOMBRE DE PERSONA
Nombre de persona Patiño Rivera, Martha Lucia
Código de función aut
Término indicativo de función/relación Autor/a
9 (RLIN) 469556
245 10 - MENCIÓN DE TÍTULO
Título Objetos negros : contextualización del material etnográfico de las comunidades negras del Chocó Colombiano, existente en la Colección de Antropología del Museo Universitario de la Universidad de Antioquia
260 ## - PUBLICACIÓN, DISTRIBUCIÓN, ETC.
Lugar de publicación, distribución, etc. Medellín :
Nombre del editor, distribuidor, etc. Universidad de Antioquia,
Fecha de publicación, distribución, etc. 2002.
300 ## - DESCRIPCIÓN FÍSICA
Extensión 68 hojas :
Otras características físicas ilustraciones
501 ## - NOTA DE "CON"
Nota de “Con” CON : Incluye fotografías relativas al proyecto "Objetos negros: contextualización del material bibliográfico de las comunidades negras del Chocó Colombiano, existente en la Colección de Antropología del Museo Universitario de la Universidad de Antioquia". .
650 ## - PUNTO DE ACCESO ADICIONAL DE MATERIA--TÉRMINO DE MATERIA
Término de materia o nombre geográfico como elemento de entrada Museo Universitario de la Universidad de Antioquia (MUUA)
9 (RLIN) 60168
650 ## - PUNTO DE ACCESO ADICIONAL DE MATERIA--TÉRMINO DE MATERIA
Término de materia o nombre geográfico como elemento de entrada Museo Universitario de la Universidad de Antioquia (MUUA). Colección de Antropología
9 (RLIN) 179337
650 ## - PUNTO DE ACCESO ADICIONAL DE MATERIA--TÉRMINO DE MATERIA
Término de materia o nombre geográfico como elemento de entrada Comunidades negras - Pacífico colombiano
9 (RLIN) 215212
650 ## - PUNTO DE ACCESO ADICIONAL DE MATERIA--TÉRMINO DE MATERIA
Término de materia o nombre geográfico como elemento de entrada Comunidades negras - Colombia
9 (RLIN) 102008
650 ## - PUNTO DE ACCESO ADICIONAL DE MATERIA--TÉRMINO DE MATERIA
Término de materia o nombre geográfico como elemento de entrada Grupos étnicos - Chocó
9 (RLIN) 154733
650 ## - PUNTO DE ACCESO ADICIONAL DE MATERIA--TÉRMINO DE MATERIA
Término de materia o nombre geográfico como elemento de entrada Artesanias - Choco (Colombia)
9 (RLIN) 165969
650 ## - PUNTO DE ACCESO ADICIONAL DE MATERIA--TÉRMINO DE MATERIA
Término de materia o nombre geográfico como elemento de entrada Negros - Chocó
9 (RLIN) 10515
700 10 - ENTRADA AGREGADA--NOMBRE PERSONAL
Nombre de persona Ospina Toro, Ana Catalina
Código de función aut
Término indicativo de función/relación Autor/a
9 (RLIN) 339731
787 08 - ENTRA/ENLACE A OTRAS RELACIONES
Información de relación/Frase instructiva de referencia Material Acompañante
Título Objetos negros: contextualización del material etnográfico de las comunidades negras del Chocó Colombiano, existente en la Colección de Antropología del Museo Universitario de la Universidad de Antioquia
Lugar, editor y fecha de publicación 2002
Número de control del registro 1490557
942 ## - ELEMENTOS DE ENTRADA AGREGADA (KOHA)
Tipo de ítem Koha Libros
Existencias
Estado de retiro Estado de pérdida Estado dañado No para préstamo Código de colección Localización permanente Ubicación/localización actual Fecha de adquisición Número de inventario Total de préstamos Signatura topográfica completa Código de barras Fecha visto por última vez Número de copia Precio válido a partir de Tipo de ítem Koha
        Colección de Antropología (Piso 3 Museo) Centro de Documentación Museo - Archivo Códice Centro de Documentación Museo - Archivo Códice 08/08/2019 C1318414   PROY/031 CD-ROM 01060352 04/05/2023 1 04/05/2023 Digital (CD-ROM, DVD, Blu-Ray, USB) - Restringido